Billie Eilish - I Didn't Change My Number Lyrics - Statistics

General Stats
  • This quiz has been taken 125 times
  • The average score is 136 of 165
Answer Stats
Answer % Correct
I
100%
a
97%
didn't
97%
change
96%
my
96%
number
96%
on
94%
to
94%
you
94%
"You
94%
You
94%
me?"
91%
me
91%
who
91%
be
88%
changed
88%
only
88%
reply
88%
your
88%
And
87%
But
87%
Don't
87%
don't
87%
of
87%
too
87%
I'm
85%
it
85%
should
85%
get
84%
in
84%
not
84%
out
84%
said
84%
Said
84%
were
84%
Before
82%
for
82%
leave
82%
mean
82%
best
81%
friend
81%
Maybe
81%
take
81%
the
81%
sympathy
79%
go
78%
believe
76%
nicer
76%
so
76%
was
74%
work
74%
can
72%
deserve
72%
love
72%
when
72%
You're
72%
eyes
69%
(eyes)
69%
fu*****
69%
have
69%
That
69%
bad
68%
feel
68%
lot
68%
nerve
68%
gotta
66%
Mm-mm
66%
Mm-mm-mm
66%
think
66%
at
65%
easy
65%
looks
65%
news
65%
hurt
63%
left
63%
upset
63%
would
63%
mad
62%
text
62%
guessed
60%
obsessed
60%
Should've
60%
Drew
59%
Laura
59%
deceiving
56%
Okay
54%
No matching quizzes found
Score Distribution
Percent of People with Each Score
Percentile by Number Answered
Your Score History
You have not taken this quiz